Statystyki dla Logo samochodów - Quiz #1

Kliknij tutaj aby rozwiązać quiz!

Ogólne statystyki

  • Ten quiz został rozwiązany 631 razy
  • Średni wynik to 14 z 16

Statystyki odpowiedzi

Odpowiedź% Poprawnych
Audi
96%
Mercedes
96%
Opel
96%
Ferrari
95%
Toyota
95%
Alfa Romeo
93%
Citroen
93%
Volkswagen
91%
Fiat
90%
Lexus
90%
Peugeot
89%
Chevrolet
88%
Renault
88%
Subaru
88%
Corvette
54%
Trabant
17%

Rozkład punktacji

Percentyl według liczby udzielonych odpowiedzi

Procent ludzi z każdym wynikiem

Twoja historia wyników

Nie rozwiązałeś tego quizu